[Event "Gibraltar ChallWk1 11th "]
[Site "Gibraltar"]
[Date "2013.01.22"]
[Round "2.12"]
[White "Smith, Andrew Philip"]
[Black "Becham, Khalid"]
[Result "1/2-1/2"]
[WhiteElo "2175"]
[BlackElo "1929"]
[PlyCount "58"]
[EventDate "2013.01.21"]
[EventType "swiss"]
[EventRounds "5"]
[EventCountry "GGB"]
[SourceTitle "BritBase"]
[Source "www.saund.co.uk"]
[SourceDate "2018.02.10"]
[SourceVersion "1"]
[SourceVersionDate "2018.02.10"]
[SourceQuality "1"]

1. e4 c5 2. Nf3 Nc6 3. b3 d6 4. Bb2 Nf6 5. Nc3 g6 6. Nd5 e5 7. Nxf6+ Qxf6 8. h3
Bg7 9. Bb5 Bd7 10. O-O O-O 11. Nh2 Qg5 12. Kh1 f5 13. exf5 Rxf5 14. Bd3 Rf4 15.
Bc4+ Kh8 16. d4 Qe7 17. dxc5 dxc5 18. Qe2 Nd4 19. Bxd4 cxd4 20. Qd2 Bc6 21. f3
Raf8 22. Rae1 h5 23. Bd3 Kh7 24. Qe2 Qg5 25. Be4 Bxe4 26. fxe4 Qe7 27. Rxf4
Rxf4 28. Rf1 Rxf1+ 29. Qxf1 Qa3 1/2-1/2

[Event "Gibraltar ChallWk1 11th "]
[Site "Gibraltar"]
[Date "2013.01.22"]
[Round "2.13"]
[White "Samu, Sorin-Mihai"]
[Black "Byron, Alan M"]
[Result "0-1"]
[WhiteElo "2095"]
[BlackElo "2167"]
[PlyCount "132"]
[EventDate "2013.01.21"]
[EventType "swiss"]
[EventRounds "5"]
[EventCountry "GGB"]
[SourceTitle "BritBase"]
[Source "www.saund.co.uk"]
[SourceDate "2018.02.10"]
[SourceVersion "1"]
[SourceVersionDate "2018.02.10"]
[SourceQuality "1"]

1. e4 e6 2. d4 d5 3. Nc3 Bb4 4. exd5 exd5 5. Bd3 Nf6 6. Nf3 O-O 7. O-O Bg4 8.
h3 Bh5 9. g4 Bg6 10. Bg5 c6 11. Ne5 Be7 12. Bf4 Nbd7 13. Re1 Bxd3 14. Qxd3 Nxe5
15. Bxe5 Ne8 16. Ne2 Qd7 17. Ng3 g6 18. Re2 f6 19. Bf4 Bd6 20. Bh6 Ng7 21. Rae1
Rae8 22. Nf1 Rxe2 23. Rxe2 Re8 24. Bxg7 Kxg7 25. Nd2 Rxe2 26. Qxe2 Kf7 27. Nb3
b6 28. Nc1 Qe6 29. Kh1 h5 30. Qxe6+ Kxe6 31. gxh5 gxh5 32. Kg2 Kf5 33. Kf3 c5
34. Ne2 Bb8 35. c3 Bd6 36. a4 c4 37. h4 a6 38. Nc1 Bf4 39. Ne2 Bd2 40. Ng3+ Kg6
41. Nf1 Bc1 42. Ne3 Bxe3 43. fxe3 Kf5 44. e4+ dxe4+ 45. Ke3 a5 46. d5 Ke5 47.
d6 Kxd6 48. Kxe4 Ke6 49. Kd4 Kf5 50. Kxc4 Ke4 51. Kb5 f5 52. Kxb6 f4 53. c4 f3
54. c5 f2 55. c6 f1=Q 56. c7 Qf6+ 57. Kb7 Qxb2+ 58. Ka8 Qc3 59. Kb8 Qb4+ 60.
Ka7 Qc5+ 61. Kb7 Kd4 62. c8=Q Qxc8+ 63. Kxc8 Kc4 64. Kd7 Kb4 65. Ke6 Kxa4 66.
Kf5 Kb3 0-1

[Event "Gibraltar ChallWk1 11th "]
[Site "Gibraltar"]
[Date "2013.01.22"]
[Round "2.15"]
[White "Lindsoe, Fredrik Aunan"]
[Black "Olhovik, Andrei"]
[Result "1-0"]
[WhiteElo "2064"]
[BlackElo "2246"]
[PlyCount "43"]
[EventDate "2013.01.21"]
[EventType "swiss"]
[EventRounds "5"]
[EventCountry "GGB"]
[SourceTitle "BritBase"]
[Source "www.saund.co.uk"]
[SourceDate "2018.02.10"]
[SourceVersion "1"]
[SourceVersionDate "2018.02.10"]
[SourceQuality "1"]

1. d4 d5 2. c4 e6 3. Nf3 c5 4. cxd5 exd5 5. Nc3 Nc6 6. e3 Nf6 7. Be2 c4 8. Ne5
Bb4 9. Nxc6 bxc6 10. Qa4 Qb6 11. Bd2 O-O 12. O-O Bd7 13. Rfd1 Rab8 14. b3 c5
15. Nxd5 Nxd5 16. Qxd7 Rfd8 17. Qf5 c3 18. Be1 cxd4 19. Rxd4 g6 20. Qf3 c2 21.
Rxd5 Ba3 22. Ba5 1-0

[Event "Gibraltar ChallWk1 11th "]
[Site "Gibraltar"]
[Date "2013.01.22"]
[Round "2.16"]
[White "Kandic, Milan"]
[Black "Dolzhikova, Olga"]
[Result "0-1"]
[WhiteElo "2090"]
[BlackElo "2239"]
[PlyCount "56"]
[EventDate "2013.01.21"]
[EventType "swiss"]
[EventRounds "5"]
[EventCountry "GGB"]
[SourceTitle "BritBase"]
[Source "www.saund.co.uk"]
[SourceDate "2018.02.10"]
[SourceVersion "1"]
[SourceVersionDate "2018.02.10"]
[SourceQuality "1"]

1. d4 Nf6 2. g3 g6 3. Bg2 d5 4. Nf3 Bg7 5. O-O O-O 6. c4 c6 7. Qb3 Nbd7 8. cxd5
cxd5 9. Nc3 Nb6 10. a4 e6 11. Ne5 Ne8 12. a5 Nd7 13. Nxd7 Bxd7 14. Rd1 Bc6 15.
h4 h6 16. e4 dxe4 17. Bxe4 Nd6 18. Bg2 Bxg2 19. Kxg2 Nf5 20. d5 Nd4 21. Qxb7
Rb8 22. Qxa7 Qf6 23. Qa6 Qf3+ 24. Kg1 Nb3 25. Rd3 Qf5 26. g4 Qxg4+ 27. Rg3 Qf5
28. Ra4 Nxc1 0-1

[Event "Gibraltar ChallWk1 11th "]
[Site "Gibraltar"]
[Date "2013.01.22"]
[Round "2.17"]
[White "Vinas Guerrero, Carlos A"]
[Black "Schouten, Freek"]
[Result "0-1"]
[WhiteElo "2167"]
[BlackElo "2060"]
[PlyCount "68"]
[EventDate "2013.01.21"]
[EventType "swiss"]
[EventRounds "5"]
[EventCountry "GGB"]
[SourceTitle "BritBase"]
[Source "www.saund.co.uk"]
[SourceDate "2018.02.10"]
[SourceVersion "1"]
[SourceVersionDate "2018.02.10"]
[SourceQuality "1"]

1. e4 g6 2. d4 Bg7 3. Nc3 d6 4. f4 Nf6 5. Nf3 O-O 6. Bd3 Na6 7. O-O c5 8. d5
Bg4 9. Bc4 Rb8 10. h3 Bxf3 11. Qxf3 Nc7 12. a4 a6 13. a5 b5 14. axb6 Rxb6 15.
Qd3 Qb8 16. Na4 Rb7 17. e5 Nfe8 18. Be3 Nb5 19. c3 Qd8 20. Kh1 Qc8 21. Bf2 Bh6
22. Bh4 f5 23. Rae1 Ng7 24. Re2 Nh5 25. g3 Bg7 26. Kh2 Qb8 27. Rfe1 Kh8 28.
exd6 exd6 29. Be7 Re8 30. Bh4 Rf8 31. Re6 Nf6 32. Qe2 Ne4 33. Bd3 Bf6 34. Bxe4
Bxh4 {No further moves were recorded} 0-1

[Event "Gibraltar ChallWk1 11th "]
[Site "Gibraltar"]
[Date "2013.01.22"]
[Round "2.18"]
[White "Van Dongen, Edwin"]
[Black "Severijnen, Arjon"]
[Result "0-1"]
[WhiteElo "2055"]
[BlackElo "2138"]
[PlyCount "54"]
[EventDate "2013.01.21"]
[EventType "swiss"]
[EventRounds "5"]
[EventCountry "GGB"]
[SourceTitle "BritBase"]
[Source "www.saund.co.uk"]
[SourceDate "2018.02.10"]
[SourceVersion "1"]
[SourceVersionDate "2018.02.10"]
[SourceQuality "1"]

1. f4 d5 2. b3 Nf6 3. Bb2 c5 4. e3 g6 5. Nf3 Bg7 6. Be2 Nc6 7. O-O O-O 8. Ne5
Qc7 9. Nxc6 Qxc6 10. Bf3 Qe6 11. Qe2 Bd7 12. c4 Bc6 13. Nc3 Rfd8 14. Rac1 dxc4
15. bxc4 Bxf3 16. gxf3 Nh5 17. Rfe1 Qc6 18. Nd5 Rd7 19. Bxg7 Kxg7 20. d3 e6 21.
Nc3 Rad8 22. Red1 a6 23. Ne4 Kg8 24. Rc3 Qc7 25. Rb3 e5 26. fxe5 Qxe5 27. f4
Qxe4 0-1

[Event "Gibraltar ChallWk1 11th "]
[Site "Gibraltar"]
[Date "2013.01.22"]
[Round "2.20"]
[White "Gravett, Alan D"]
[Black "Wallgren, Ulf"]
[Result "0-1"]
[WhiteElo "1869"]
[BlackElo "2097"]
[PlyCount "72"]
[EventDate "2013.01.21"]
[EventType "swiss"]
[EventRounds "5"]
[EventCountry "GGB"]
[SourceTitle "BritBase"]
[Source "www.saund.co.uk"]
[SourceDate "2018.02.10"]
[SourceVersion "1"]
[SourceVersionDate "2018.02.10"]
[SourceQuality "1"]

1. g3 d5 2. Nf3 Nf6 3. Bg2 c6 4. b3 Bg4 5. Ne5 Bh5 6. O-O Nbd7 7. d4 e6 8. Nd2
Bb4 9. Bb2 O-O 10. h3 Qa5 11. Ndf3 Bc3 12. Bxc3 Qxc3 13. Nxd7 Nxd7 14. Qd3 Qa5
15. Nh4 Rfe8 16. e4 dxe4 17. Bxe4 Nf6 18. g4 Nxe4 19. Qxe4 Bg6 20. Nxg6 hxg6
21. c4 Red8 22. Rfd1 Rd7 23. Rd3 Rad8 24. a3 e5 25. b4 Qa6 26. d5 cxd5 27. cxd5
f6 28. Rad1 Kf7 29. Kg2 Rc8 30. Qe2 Qc4 31. R3d2 Qxe2 32. Rxe2 Rcd8 33. Red2
Ke7 34. Kf3 Rc8 35. g5 f5 36. Ke3 Kd6 0-1

[Event "Gibraltar ChallWk1 11th "]
[Site "Gibraltar"]
[Date "2013.01.22"]
[Round "2.21"]
[White "Storey, Charles H"]
[Black "Onabogun, Kolade"]
[Result "0-1"]
[WhiteElo "2245"]
[BlackElo "1978"]
[PlyCount "136"]
[EventDate "2013.01.21"]
[EventType "swiss"]
[EventRounds "5"]
[EventCountry "GGB"]
[SourceTitle "BritBase"]
[Source "www.saund.co.uk"]
[SourceDate "2018.02.10"]
[SourceVersion "1"]
[SourceVersionDate "2018.02.10"]
[SourceQuality "1"]

1. a4 e5 2. a5 a6 3. g3 d5 4. Bg2 Nf6 5. d3 Nc6 6. c3 Be6 7. Nd2 Qd7 8. e3 Bd6
9. h3 O-O 10. Ne2 Bc5 11. b4 Ba7 12. d4 exd4 13. exd4 Bf5 14. Nf1 Rfe8 15. g4
Ne4 16. Ne3 Bg6 17. Qb3 Rad8 18. O-O Ne7 19. f3 Nd6 20. Nf4 c6 21. h4 h6 22.
Bh3 Qc7 23. Ra2 Nb5 24. Neg2 Bb8 25. Ne1 Bh7 26. Rg2 Ng6 27. Nxg6 Bxg6 28. h5
Qe7 29. hxg6 Qxe1 30. gxf7+ Kxf7 31. Qc2 Nxc3 32. Rgf2 Ne2+ 33. Kg2 Nxc1 34.
Rxe1 Rxe1 35. g5 hxg5 36. Bf5 Rh8 37. Bh7 Bf4 38. Qg6+ Kf8 39. b5 axb5 40. a6
bxa6 41. Rc2 Re2+ 42. Kh3 Rxc2 43. Qxc2 Nb3 44. Kg4 Nxd4 45. Qc5+ Kf7 46. Qa7+
Ke6 47. Qxg7 Be5 48. Qxg5 Rf8 49. Qh6+ Rf6 50. Bg6 a5 51. Qh7 Rf4+ 52. Kh5 Rxf3
53. Qg8+ Kd6 54. Qb8+ Ke6 55. Qc8+ Kd6 56. Be8 Kc5 57. Bd7 a4 58. Qe8 Bd6 59.
Qa8 a3 60. Bg4 Rc3 61. Qa5 Kc4 62. Bd1 Bb4 63. Qa8 Rd3 64. Bg4 Rd2 65. Bh3 a2
66. Bf1+ Kc3 67. Qa7 Kb2 68. Bd3 Rxd3 0-1

[Event "Gibraltar ChallWk1 11th "]
[Site "Gibraltar"]
[Date "2013.01.22"]
[Round "2.22"]
[White "Galvan, Jesus"]
[Black "Campos Calvo-Sotelo, Juan"]
[Result "1-0"]
[WhiteElo "2231"]
[BlackElo "1978"]
[PlyCount "61"]
[EventDate "2013.01.21"]
[EventType "swiss"]
[EventRounds "5"]
[EventCountry "GGB"]
[SourceTitle "BritBase"]
[Source "www.saund.co.uk"]
[SourceDate "2018.02.10"]
[SourceVersion "1"]
[SourceVersionDate "2018.02.10"]
[SourceQuality "1"]

1. g3 e6 2. Bg2 d5 3. Nf3 Nf6 4. O-O c5 5. d3 Nc6 6. Nbd2 Be7 7. e4 Qc7 8. Re1
O-O 9. c3 b5 10. Nf1 dxe4 11. dxe4 Rd8 12. Qe2 c4 13. a4 Ba6 14. e5 Nd5 15.
axb5 Bxb5 16. Qe4 Na5 17. Ng5 g6 18. Qh4 Bxg5 19. Bxg5 Nb3 20. Rad1 Rd7 21. Re4
Qc8 22. Rxd5 f5 23. Rxd7 Qxd7 24. Re1 Rc8 25. Ne3 Nc5 26. Qd4 Nd3 27. Qxd7 Bxd7
28. Ra1 Nxe5 29. Rxa7 Nf7 30. Bf6 Be8 31. Bf1 1-0

[Event "Gibraltar ChallWk1 11th "]
[Site "Gibraltar"]
[Date "2013.01.22"]
[Round "2.23"]
[White "Taus, Martin"]
[Black "Hermes, Geoff R"]
[Result "1-0"]
[WhiteElo "2181"]
[BlackElo "1968"]
[PlyCount "75"]
[EventDate "2013.01.21"]
[EventType "swiss"]
[EventRounds "5"]
[EventCountry "GGB"]
[SourceTitle "BritBase"]
[Source "www.saund.co.uk"]
[SourceDate "2018.02.10"]
[SourceVersion "1"]
[SourceVersionDate "2018.02.10"]
[SourceQuality "1"]

1. e4 d6 2. d4 Nf6 3. Nc3 c6 4. Nf3 Bg4 5. Be2 e6 6. O-O d5 7. exd5 cxd5 8. Bf4
Bd6 9. Ne5 Bxe2 10. Qxe2 a6 11. Na4 O-O 12. Nc5 Bxc5 13. dxc5 Qc8 14. b4 Nc6
15. c3 Ne4 16. Qe3 Nxe5 17. Bxe5 f6 18. f3 fxe5 19. fxe4 Qc7 20. Rad1 Rxf1+ 21.
Rxf1 Rf8 22. Rxf8+ Kxf8 23. exd5 exd5 24. Qd3 Qf7 25. Qxh7 Qf4 26. Qd3 Ke7 27.
Qxd5 Qc1+ 28. Kf2 Qf4+ 29. Ke2 Qg4+ 30. Kd3 Qd1+ 31. Kc4 Qe2+ 32. Kb3 e4 33.
Qxb7+ Kf6 34. Qc6+ Kf5 35. Qd5+ Kf4 36. c6 Qd3 37. Qxd3 exd3 38. c7 1-0

[Event "Gibraltar ChallWk1 11th "]
[Site "Gibraltar"]
[Date "2013.01.22"]
[Round "2.24"]
[White "Uran Bermudez, Oliver Kevin"]
[Black "Nwachukwu, Chino"]
[Result "1-0"]
[WhiteElo "2113"]
[BlackElo "1962"]
[PlyCount "73"]
[EventDate "2013.01.21"]
[EventType "swiss"]
[EventRounds "5"]
[EventCountry "GGB"]
[SourceTitle "BritBase"]
[Source "www.saund.co.uk"]
[SourceDate "2018.02.10"]
[SourceVersion "1"]
[SourceVersionDate "2018.02.10"]
[SourceQuality "1"]

1. e4 c5 2. Nf3 d6 3. d4 cxd4 4. Nxd4 Nf6 5. Nc3 a6 6. h3 e5 7. Nde2 Be6 8. g4
b5 9. Bg2 Be7 10. Ng3 g6 11. Be3 Nc6 12. Qd2 Qc7 13. g5 Nd7 14. Nd5 Bxd5 15.
exd5 Na5 16. b3 Rc8 17. O-O Nb7 18. c3 O-O 19. Rac1 Nbc5 20. h4 Qd8 21. h5 Kh8
22. c4 bxc4 23. Rxc4 a5 24. Bh3 Rb8 25. f4 exf4 26. Bxf4 Qb6 27. Qd4+ Kg8 28.
Kg2 Qb7 29. hxg6 fxg6 30. Ne4 Rf7 31. Nxd6 Rxf4 32. Qxf4 Qxd5+ 33. Ne4 Rf8 34.
Qd2 Qb7 35. Rxf8+ Bxf8 36. Bxd7 Nxd7 37. Qxd7 1-0

[Event "Gibraltar ChallWk1 11th "]
[Site "Gibraltar"]
[Date "2013.01.22"]
[Round "2.25"]
[White "El Mabrouk, Issam"]
[Black "Georgieva, Emilia"]
[Result "1-0"]
[WhiteElo "2099"]
[BlackElo "1949"]
[PlyCount "81"]
[EventDate "2013.01.21"]
[EventType "swiss"]
[EventRounds "5"]
[EventCountry "GGB"]
[SourceTitle "BritBase"]
[Source "www.saund.co.uk"]
[SourceDate "2018.02.10"]
[SourceVersion "1"]
[SourceVersionDate "2018.02.10"]
[SourceQuality "1"]

1. e4 c6 2. Nf3 d5 3. exd5 cxd5 4. d4 Nf6 5. Bd3 e6 6. O-O Be7 7. Nbd2 O-O 8.
Ne5 Nc6 9. c3 Nxe5 10. dxe5 Nd7 11. f4 f5 12. exf6 Bc5+ 13. Kh1 Rxf6 14. Nf3
Qc7 15. Ng5 Nf8 16. Rf3 h6 17. Nh3 b6 18. Nf2 Bxf2 19. Rxf2 e5 20. Bc2 Bb7 21.
Bb3 Rd8 22. Rd2 Qf7 23. Rf2 exf4 24. Qf1 g5 25. Bd2 Ne6 26. Re1 Nc5 27. Rfe2
Nxb3 28. axb3 Ba6 29. c4 Rd7 30. Re8+ Kg7 31. Bc3 dxc4 32. R8e6 Kh7 33. Rxf6
Qd5 34. Ree6 Bb5 35. Rxh6+ Kg8 36. Reg6+ Kf8 37. Rh8+ Kf7 38. Rg7+ Ke6 39. Rh6+
Kf5 40. Rf6+ Kg4 41. Qe2+ 1-0

[Event "Gibraltar ChallWk1 11th "]
[Site "Gibraltar"]
[Date "2013.01.22"]
[Round "2.26"]
[White "Corsino, Gianluca"]
[Black "Lochte, Szilvia"]
[Result "1-0"]
[WhiteElo "2059"]
[BlackElo "1923"]
[PlyCount "43"]
[EventDate "2013.01.21"]
[EventType "swiss"]
[EventRounds "5"]
[EventCountry "GGB"]
[SourceTitle "BritBase"]
[Source "www.saund.co.uk"]
[SourceDate "2018.02.10"]
[SourceVersion "1"]
[SourceVersionDate "2018.02.10"]
[SourceQuality "1"]

1. d4 Nf6 2. Bg5 e6 3. c4 Bb4+ 4. Nc3 h6 5. Bh4 b6 6. f3 g5 7. Bf2 Bb7 8. e4
Nc6 9. Bd3 d6 10. Nge2 Qd7 11. Qb3 a6 12. a3 Bxc3+ 13. Qxc3 Ne7 14. O-O-O O-O-O
15. c5 d5 16. e5 Ne8 17. cxb6 Kb8 18. bxc7+ Nxc7 19. Kb1 Rc8 20. Nc1 Nb5 21.
Qa5 Nc6 22. Bxb5 1-0

[Event "Gibraltar ChallWk1 11th "]
[Site "Gibraltar"]
[Date "2013.01.22"]
[Round "2.27"]
[White "Zanetti, Bruno"]
[Black "Longdin, Michael"]
[Result "1-0"]
[WhiteElo "2030"]
[BlackElo "1787"]
[PlyCount "51"]
[EventDate "2013.01.21"]
[EventType "swiss"]
[EventRounds "5"]
[EventCountry "GGB"]
[SourceTitle "BritBase"]
[Source "www.saund.co.uk"]
[SourceDate "2018.02.10"]
[SourceVersion "1"]
[SourceVersionDate "2018.02.10"]
[SourceQuality "1"]

1. d4 Nf6 2. c4 g6 3. Nc3 Bg7 4. e4 d6 5. h3 O-O 6. Be3 e5 7. d5 Na6 8. g4 Nc5
9. f3 a5 10. Qd2 c6 11. dxc6 bxc6 12. O-O-O Nb7 13. Nge2 a4 14. Ng3 Qa5 15. h4
d5 16. cxd5 cxd5 17. Nxd5 Nxd5 18. Qxa5 Nxa5 19. exd5 Bb7 20. Ne4 Rac8+ 21. Kb1
Rfd8 22. Bb6 Bxd5 23. Bxd8 Rxd8 24. Nc3 Bxa2+ 25. Kxa2 Rxd1 26. Nxd1 1-0

[Event "Gibraltar ChallWk1 11th "]
[Site "Gibraltar"]
[Date "2013.01.22"]
[Round "2.28"]
[White "Obiamiwe, Paul"]
[Black "Hamer, Martyn"]
[Result "1/2-1/2"]
[WhiteElo "1973"]
[BlackElo "2025"]
[PlyCount "128"]
[EventDate "2013.01.21"]
[EventType "swiss"]
[EventRounds "5"]
[EventCountry "GGB"]
[SourceTitle "BritBase"]
[Source "www.saund.co.uk"]
[SourceDate "2018.02.10"]
[SourceVersion "1"]
[SourceVersionDate "2018.02.10"]
[SourceQuality "1"]

1. Nf3 Nf6 2. c4 e6 3. d4 d5 4. g3 Be7 5. Bg2 O-O 6. O-O dxc4 7. Qc2 a6 8. Qxc4
b5 9. Qc2 Bb7 10. Nbd2 Nbd7 11. Nb3 Be4 12. Qd1 c5 13. dxc5 Nxc5 14. Nxc5 Bxc5
15. Bg5 Qb6 16. Bxf6 gxf6 17. Qc1 Be7 18. Qh6 Rac8 19. Rac1 Qb7 20. Nh4 Bxg2
21. Nxg2 Qe4 22. Nf4 e5 23. Ng2 Qxe2 24. Ne3 Qf3 25. Qh3 Rxc1 26. Rxc1 Rd8 27.
Rc8 f5 28. Rxd8+ Bxd8 29. Qxf5 Qxf5 30. Nxf5 Kf8 31. Kf1 Ke8 32. Ke2 Kd7 33.
Kd3 Ke6 34. Ke4 Bb6 35. f3 Bd8 36. g4 Bb6 37. Ng7+ Kf6 38. Nf5 Ke6 39. h4 Bd8
40. h5 Ba5 41. Ne3 Bd8 42. b3 Bb6 43. Nd5 Ba5 44. Ne3 Bb6 45. Nc2 Bc5 46. Ne1
Be7 47. Nd3 Bd6 48. Ne1 Bb4 49. Ng2 Be7 50. Ne3 Bd8 51. Nf5 Ba5 52. Kd3 Kd5 53.
Nh6 Ke6 54. a4 bxa4 55. bxa4 f6 56. Kc4 Kd6 57. Nf5+ Kc6 58. Ng3 Bd8 59. Ne4
Be7 60. Nc3 Bd8 61. Ne4 Be7 62. Ng3 Bd6 63. Nf5 Bf8 64. Ne3 Be7 1/2-1/2

[Event "Gibraltar ChallWk1 11th "]
[Site "Gibraltar"]
[Date "2013.01.22"]
[Round "2.30"]
[White "Brown, David"]
[Black "Ungureanu, Sandu"]
[Result "0-1"]
[WhiteElo "1967"]
[BlackElo "2019"]
[PlyCount "62"]
[EventDate "2013.01.21"]
[EventType "swiss"]
[EventRounds "5"]
[EventCountry "GGB"]
[SourceTitle "BritBase"]
[Source "www.saund.co.uk"]
[SourceDate "2018.02.10"]
[SourceVersion "1"]
[SourceVersionDate "2018.02.10"]
[SourceQuality "1"]

1. e4 g6 2. d4 Bg7 3. Nf3 d6 4. Be2 Nc6 5. c3 e5 6. dxe5 dxe5 7. Qxd8+ Nxd8 8.
Be3 Nc6 9. Na3 a6 10. Nd2 Be6 11. f3 O-O-O 12. Nb3 f5 13. Nc5 Bf7 14. Bc4 Bxc4
15. Nxc4 Bh6 16. Ke2 Bxe3 17. Nxe3 f4 18. Nc4 Nf6 19. a4 Nd7 20. Nd3 Rhe8 21.
b4 Re6 22. b5 Ncb8 23. Ra2 h5 24. Rb1 g5 25. Rab2 b6 26. bxa6 Nxa6 27. a5 bxa5
28. Nxa5 Nb6 29. Ra2 g4 30. Rb5 gxf3+ 31. Kxf3 Rxd3+ 0-1

[Event "Gibraltar ChallWk1 11th "]
[Site "Gibraltar"]
[Date "2013.01.22"]
[Round "2.31"]
[White "Reppen, Ellisiv"]
[Black "Tveten, Per"]
[Result "1-0"]
[WhiteElo "2005"]
[BlackElo "1597"]
[PlyCount "81"]
[EventDate "2013.01.21"]
[EventType "swiss"]
[EventRounds "5"]
[EventCountry "GGB"]
[SourceTitle "BritBase"]
[Source "www.saund.co.uk"]
[SourceDate "2018.02.10"]
[SourceVersion "1"]
[SourceVersionDate "2018.02.10"]
[SourceQuality "1"]

1. e4 e5 2. Nf3 Nc6 3. Bc4 Bc5 4. O-O Nf6 5. d3 h6 6. c3 O-O 7. Nbd2 a6 8. b4
Ba7 9. a4 b5 10. axb5 axb5 11. Ba2 d6 12. Bb2 Be6 13. Bxe6 fxe6 14. Qb3 d5 15.
h3 Kh7 16. Rfe1 Nh5 17. Qc2 Nf4 18. d4 g6 19. Ra6 Bb6 20. Rxa8 Qxa8 21. exd5
exd5 22. Nxe5 Nxe5 23. Rxe5 Re8 24. Nf3 c6 25. Bc1 Rxe5 26. Nxe5 Qa1 27. Kh2
Bxd4 28. Bxf4 Bxe5 29. Bxe5 Qe1 30. Bd4 Qe6 31. Qd2 Qd6+ 32. g3 Qe6 33. Qe3
Qxe3 34. Bxe3 g5 35. g4 Kg6 36. Kg3 h5 37. gxh5+ Kxh5 38. f4 gxf4+ 39. Bxf4 Kg6
40. Kg4 Kf6 41. h4 1-0

[Event "Gibraltar ChallWk1 11th "]
[Site "Gibraltar"]
[Date "2013.01.22"]
[Round "2.33"]
[White "Munoz Jorva, Miguel Angel"]
[Black "Suez-Panama, Gilles"]
[Result "1/2-1/2"]
[WhiteElo "1916"]
[BlackElo "1989"]
[PlyCount "81"]
[EventDate "2013.01.21"]
[EventType "swiss"]
[EventRounds "5"]
[EventCountry "GGB"]
[SourceTitle "BritBase"]
[Source "www.saund.co.uk"]
[SourceDate "2018.02.10"]
[SourceVersion "1"]
[SourceVersionDate "2018.02.10"]
[SourceQuality "1"]

1. d4 d5 2. c4 c6 3. Nc3 e6 4. Nf3 dxc4 5. a4 Bb4 6. e3 b5 7. Ne5 Nf6 8. Bd2
Bb7 9. axb5 Bxc3 10. Bxc3 cxb5 11. b3 a5 12. Bb2 O-O 13. bxc4 b4 14. f3 Nbd7
15. Nd3 Nh5 16. Qd2 Nb6 17. Nc5 Bc6 18. Bd3 Qh4+ 19. Qf2 Qxf2+ 20. Kxf2 a4 21.
e4 a3 22. Bc1 Nd7 23. Nxd7 Bxd7 24. g4 Nf6 25. e5 Nxg4+ 26. fxg4 f6 27. Ke3
fxe5 28. dxe5 Ra5 29. Bb2 Bc6 30. Rhb1 Rf3+ 31. Ke2 Rh3 32. Bd4 Rxh2+ 33. Ke3
Rh3+ 34. Kd2 Rh2+ 35. Ke3 Ra4 36. Bc5 Rh3+ 37. Kd2 Rh2+ 38. Ke3 Ra5 39. Bd6
Rh3+ 40. Kd2 Rh2+ 41. Ke3 1/2-1/2

[Event "Gibraltar ChallWk1 11th "]
[Site "Gibraltar"]
[Date "2013.01.23"]
[Round "3.1"]
[White "Jaunooby, Ali R"]
[Black "Scharrer, Patrick"]
[Result "1-0"]
[WhiteElo "2178"]
[BlackElo "2248"]
[PlyCount "77"]
[EventDate "2013.01.21"]
[EventType "swiss"]
[EventRounds "5"]
[EventCountry "GGB"]
[SourceTitle "BritBase"]
[Source "www.saund.co.uk"]
[SourceDate "2018.02.10"]
[SourceVersion "1"]
[SourceVersionDate "2018.02.10"]
[SourceQuality "1"]

1. d4 d6 2. e4 g6 3. c4 Bg7 4. Nc3 Nf6 5. h3 O-O 6. g4 e5 7. d5 c6 8. Be3 Na6
9. Nge2 cxd5 10. cxd5 Nc5 11. Ng3 Qa5 12. Qb1 Ncxe4 13. Ngxe4 Nxd5 14. Bd2 Nf4
15. Nb5 Qd8 16. Bb4 f5 17. Nexd6 Be6 18. Qc2 Nd5 19. Bc4 Kh8 20. Qb3 Nxb4 21.
Bxe6 Qa5 22. O-O-O e4 23. Kb1 Nd3 24. Rxd3 exd3 25. Nf7+ Rxf7 26. Bxf7 Rc8 27.
Qxd3 Rd8 28. Qc4 Qd2 29. Nc3 Qxf2 30. Rd1 Rf8 31. Rf1 Qg2 32. Bd5 Qxh3 33. gxf5
gxf5 34. Bxb7 Rb8 35. Rc1 f4 36. Rh1 Qe3 37. Be4 h6 38. Qc7 Rg8 39. Rxh6+ 1-0

[Event "Gibraltar ChallWk1 11th "]
[Site "Gibraltar"]
[Date "2013.01.23"]
[Round "3.2"]
[White "Byron, Alan M"]
[Black "Sanchez Castillo, Sarai"]
[Result "0-1"]
[WhiteElo "2167"]
[BlackElo "2212"]
[PlyCount "94"]
[EventDate "2013.01.21"]
[EventType "swiss"]
[EventRounds "5"]
[EventCountry "GGB"]
[SourceTitle "BritBase"]
[Source "www.saund.co.uk"]
[SourceDate "2018.02.10"]
[SourceVersion "1"]
[SourceVersionDate "2018.02.10"]
[SourceQuality "1"]

1. d4 d5 2. Nf3 c6 3. c4 e6 4. e3 Nf6 5. Nc3 Nbd7 6. Qc2 Be7 7. h3 a6 8. b3 c5
9. cxd5 exd5 10. Be2 b6 11. Bb2 Bb7 12. Rc1 Rc8 13. Qb1 O-O 14. O-O Bd6 15.
Rfd1 Bb8 16. Na4 Ne4 17. Qa1 f6 18. Nc3 Nxc3 19. Bxc3 Qe7 20. Qb1 f5 21. Bd3 g6
22. Re1 Rc6 23. Ba1 h6 24. Qb2 Kh7 25. Qa3 Bd6 26. Qb2 c4 27. bxc4 Ba3 28. Qb1
Bxc1 29. cxd5 Rc7 30. Rxc1 Rxc1+ 31. Qxc1 Rc8 32. Qb2 Bxd5 33. Nd2 b5 34. Nf1
Nb6 35. f3 Na4 36. Qb1 Qf7 37. e4 Bxa2 38. Qe1 fxe4 39. Bxe4 Qf4 40. Qb4 Rc1
41. d5 Qc7 42. Bxg6+ Kxg6 43. Qg4+ Kh7 44. Qf5+ Kg8 45. Qg6+ Kf8 46. Qf6+ Ke8
47. Be5 Qb6+ 0-1

[Event "Gibraltar ChallWk1 11th "]
[Site "Gibraltar"]
[Date "2013.01.23"]
[Round "3.3"]
[White "O'Toole, George E"]
[Black "Jameson, David"]
[Result "1-0"]
[WhiteElo "2204"]
[BlackElo "2143"]
[PlyCount "56"]
[EventDate "2013.01.21"]
[EventType "swiss"]
[EventRounds "5"]
[EventCountry "GGB"]
[SourceTitle "BritBase"]
[Source "www.saund.co.uk"]
[SourceDate "2018.02.10"]
[SourceVersion "1"]
[SourceVersionDate "2018.02.10"]
[SourceQuality "1"]

1. e4 e5 2. Nf3 Nc6 3. Bc4 Bc5 4. c3 Nf6 5. d3 d6 6. Nbd2 O-O 7. h3 a6 8. Bb3
b5 9. O-O h6 10. Re1 Re8 11. Nf1 Be6 12. Ng3 d5 13. Qe2 Qd7 14. Nh4 Rad8 15.
Qf3 Kh7 16. Bc2 dxe4 17. dxe4 Ng4 18. Rf1 g6 19. Nh1 Qe7 20. Nf5 Bxf5 21. exf5
e4 22. Qxg4 Ne5 23. Qxe4 Qf6 24. fxg6+ fxg6 25. Qf4 Qd6 26. Qxh6+ Kg8 27. Bf4
Re6 28. Rad1 Qe7 1-0